Marine Navigation and Safety of Sea Transportation/ (Record no. 757052)

MARC details
000 -LEADER
fixed length control field 00358nam a22001337a 4500
020 ## - INTERNATIONAL STANDARD BOOK NUMBER
ISBN 978-81-970372-1-4
082 ## - DEWEY DECIMAL CLASSIFICATION NUMBER
Classification number 623.89REG/M
245 ## - TITLE STATEMENT
Title Marine Navigation and Safety of Sea Transportation/
Statement of responsibility, etc ed by Walnes Rego
260 ## - PUBLICATION, DISTRIBUTION, ETC. (IMPRINT)
Place of publication .-Newdelhi
Name of publisher :DPH
Year of publication ,2025
300 ## - PHYSICAL DESCRIPTION
Number of Pages 260p
700 ## - ADDED ENTRY--PERSONAL NAME
Personal name Rego,Walnes ed
942 ## - ADDED ENTRY ELEMENTS (KOHA)
Source of classification or shelving scheme Dewey Decimal Classification
Koha item type Book
Holdings
Withdrawn status Lost status Source of classification or shelving scheme Damaged status Not for loan Home Library Current Location Shelving location Date acquired Source of acquisition Full call number Accession Number Price effective from Koha item type Collection code
    Dewey Decimal Classification     Dept. of Aquatic Biology and Fisheries Dept. of Aquatic Biology and Fisheries General Stacks 18/02/2026 ABD/9 623.89REG/M AQU6622 25/02/2026 Book  
    Dewey Decimal Classification     Dept. of Commerce Dept. of Commerce General Stacks 07/05/2026   623.89 REG-M COM9558 07/05/2026 Book Text Book